LEADER 00949nam0-22003491i-450 001 990007883480403321 005 20241203122118.0 035 $a000788348 035 $aFED01000788348 035 $a(Aleph)000788348FED01 100 $a20040512d1968----km-y0itay50------ba 101 0 $aita 102 $aIT 105 $ay---n---001yy 200 1 $aCodice dello spettacolo$eaggiornamento al 31 marzo 1968$fEnzo Capaccioli, Pasquale Russo 210 $aMilano$cGiuffrè$d1968 215 $a685 p.$d17 cm 225 1 $aCollezione legislativa 676 $a343$v11 rid.$zita 702 1$aRusso,$bPasquale 702 1$aCapaccioli,$bEnzo 801 0$aIT$bUNINA$gREICAT$2UNIMARC 901 $aBK 912 $a990007883480403321 952 $aVI Z 124$b1323$fDDA 952 $aZ 12$b380$fDSS 952 $aDPR 2 102$b25988$fDEC 959 $aDDA 959 $aDSS 959 $aDEC 996 $aCodice dello spettacolo$9669278 997 $aUNINA